vufinder Bibliothèque Municipale de Charleval de Provence
Se connecter
« Retourner aux résultats de recherche

Mes fiches du potager

100 fruits et légumes à cultiver tout au long de l'année

Book Cover
Auteur principal: Xavier Mathias
D'autres auteurs: Denis Retournard
D'autres auteurs: Laurent Bessol
Support: Livres
Langue: Francais
Genre: Documentaire
Sujets:
Étiquettes: Ajouter
Pas de Tags !

LEADER 00994nam0a2200205 450
001 16848347
010 |a 978-2-08-048779-7  |b br.  |d 12 € 
100 |a 20250307d2025 u u0frey01 ba 
101 0 |a fre 
102 |a FR 
200 0 |a Mes fiches du potager  |e 100 fruits et légumes à cultiver tout au long de l'année  |f Xavier Mathias, Denis Retournard  |g photographies de Laurent Bessol 
207 1 |a   
215 |a 1 vol. (207 p.)  |c illustrations en couleur  |d 18 x 13 cm 
330 |a Cent fiches illustrées pour entretenir son potager, avec une sélection de légumes et de fruits ainsi que des données techniques : ail des ours, courgette, mâche, radis, fraise, basilic, grenadier, noisetier, pommier, estragon, entre autres. 
700 0 |a Mathias  |b Xavier  |4 70 
701 0 |a Retournard  |b Denis  |4 70 
702 0 |a Bessol  |b Laurent  |4 600 
900 |a Documentaire 
901 |a Accessible au prêt 
995 |a Bibliothèque  |c Bibliothèque  |f 00156011598406  |h 00156011598406  |k 635.1 MAT  |o p  |q a  |r az  |e Bibliothèque 

Options de recherche

Historique de recherche
Recherche avancée

Trouver plus

Nouveautés

Besoin d'aide ?

Contacter un bibliothécaire